V Nemecku nič nového

Podrobná bibliografia
Médium: Článok
Jazyk:slovenčina
Fyzický popis:Fotogr.
Predmet:

MARC

LEADER 00000nab a2200000 a 4500
001 vtls000755836
003 SK-MaSNL
005 20260305012153.0
008 160405c2000 xo 0 slo
015 |a SNBRB2001/04-13737 
035 |a CLN000107623 
040 |a SNKBUCL  |b slo  |c SNKBUCL  |e AACR2 
041 0 |a slo 
044 |a xo  |c SK 
080 |a 329.26(430)  |2 1997 
245 0 0 |a V Nemecku nič nového 
300 |b Fotogr. 
650 0 7 |a pravicový extrémizmus  |2 SNKPH  |9 4819 
651 7 |a Nemecko  |2 SNKPHgeo  |9 21020 
655 7 |a články z novín a časopisov  |2 SNK  |9 267496 
773 0 |t Sme  |g Roč. 8, č. 192 (19.8.2000) 
773 0 |t [Príl.] Magazín Sme  |g Roč. 3, č. 33 (19.8.2000), s. 4 
850 |a Slovenská národná knižnica v Martine 
852 |a SNK  |b KIS3GCP 
958 |a DE 
958 |a RBX 
999 |c 3256184  |d 3258114